000 00873nam a2200277 i 4500
003 DO-SdBNP
005 20250709082513.0
007 ta
008 250709b2025 dr ||||| |||| 00| 0 spa d
020 _a9789945224153
040 _aDO-SdBNP
_bspa
_cBNPHU
_erda
041 _aspa
082 4 _axxx
_bxxx
_222
100 _aGarcía Tineo, José Alfonso,
_eautor
_4aut.
_96479
245 1 _aEntre el cielo y la tierra :
_b¿Por qué Jesús y María? /
_cJosé Alfonso García Tineo
250 _aPrimera edición
264 4 _aSanto Domingo :
_bEditora Búho,
_c©2025.
300 _a190 páginas
_c22 cm.
336 _atexto
_btxt
_2rdacontent
337 _asin mediación
_bn
_2rdamedia
338 _avolumen
_bnc
_2rdacarrier
500 _aIncluye datos biográficos del autor en las solapas
590 _aInventariado, 2025/BT
910 _aBtavárez
942 _2ddc
_cLBS1
999 _c59469
_d59469